=LDR 00000nam 2200000 4500 =001 000304 =005 20250711042602 =035 ##$$a 0010-0725000155 =007 ta =008 250711################a##########0#ind## =082 ##$$a 398.209 598 =100 #$$a Bannerje, Kanchan =245 1#$$a Aku dan Abangku /$c Kanchan Bannerje =250 ##$$a pertama =260 ##$$a Jakarta Timur :$b Badan Pengembangan dan Pembinaan Bahasa,$c 2022 =300 ##$$a 14hlm. : $b ilus. ; $c 21,5cm =650 #4$$a cerita anak indonesia terjemahan =700 #$$a Pallak Goswany =856 ##$$a TBM ASYUHADA =020 ##$$a 978-623-307-491-9 =600 #4$$a literasi bahan bacaan =084 ##$$a 398.209 598 BAN a =990 ##$$a TBM202400198